| 000 | 05538nmm a2200409 i 4500 | ||
|---|---|---|---|
| 001 | 768714001 | ||
| 003 | CO-MdFUSB | ||
| 005 | 20250731124430.0 | ||
| 007 | ca aa aaaaaaaa | ||
| 008 | 180411s2017 ck ||||| |||| 00| 0 spa d | ||
| 040 |
_aCO-MdFUSB _bEspañol _cCO-MdFUSB _dCO-MdFUSB |
||
| 041 | _aspa | ||
| 043 | _ack | ||
| 084 | _aT CD0085 | ||
| 100 |
_aParra Cortés, Erika Gisseth _eautor |
||
| 245 | 0 | 0 |
_aRespondiendo al desplazamiento interno en Colombia _c/ Erika Gisseth Parra Cortés ; asesorado por Jhohan Centeno _h[electrónico] |
| 264 | 1 |
_aMedellín, Colombia : _bFUSBC, _c2017 |
|
| 300 | _a88 páginas | ||
| 336 |
_2rdacontent _atexto _btxt |
||
| 337 |
_2rdamedia _ainformático _bc |
||
| 338 |
_2rdacarrier _aremoto _bcr |
||
| 502 |
_aTrabajo de grado _b(Teología) -- _cFundación Universitaria Seminario Bíblico de Colombia, _d2017 |
||
| 504 | _aBibliografía (página 58-61) | ||
| 505 | _aIntroducción -- I. Investigación Bibliográfica -- Problema -- Descripción del problema -- Formulación del problema -- Justificación -- Objetivos -- General -- Específicos -- Propósito -- Marco teórico -- Organizaciones gubernamentales -- Unidad para las Víctimas -- Defensoría del Pueblo Colombia -- Organizaciones de índole católica -- Pastoral Social Caritas Colombia -- Fundación de Atención al Migrante -- Organizaciones de índole evangélica -- Mencoldes -- Fundación Fundevi -- Organizaciones Privadas -- Comité Internacional de la Cruz Roja (CICR) -- Fundación Colombia Nuevos Horizontes -- II. Investigación conocimiento que tienen las iglesias para orientar a las PSD -- Diseño metodológico -- Finalidad -- Tipo de encuesta -- Tipo de información a recoger -- Delimitación -- Conceptual -- Asistencia de personas en situación de desplazamiento -- Pericia en la orientación -- Conocimiento de organizaciones -- Tipos de ayuda -- Información suficiente -- Interés por base de datos -- Espacial -- Población -- Muestra -- Técnicas e instrumentos para la recolección de datos -- Resultados -- Descripción de resultados -- Análisis de resultados -- III. Investigación sobre organizaciones gubernamentales, de índole católica, de índole evangélica y privadas de ayuda a PSD -- Diseño metodológico -- Resultados -- Análisis de resultados -- IV. La misericordia como respuesta teológica al desplazamiento forzado en Colombia -- Dios como padre de misericordias -- Jesús y el desplazamiento -- Jesús y la misericordia -- La iglesia debe seguir los pasos de Jesús -- Respuesta de la iglesia frente al desplazamiento interno en Colombia -- Conclusiones -- Bibliografía. | ||
| 506 | _aPréstamo en sala | ||
| 520 | _aEl objetivo principal de la investigación es la elaboración de una base de datos de organizaciones que ofrecen ayuda a personas en situación de desplazamiento en los municipios que conforman el Valle de Aburrá, dicha base de datos se le presentará a iglesias consideradas hijas de la reforma y a iglesias católicas para que pueden orientar a las PSD1 que se acercan a ellas buscando ayuda. Partiendo de la aplicación de una encuesta estandarizada a cincuenta pastores de iglesias ubicadas en el valle de Aburrá, se concluye que aunque casi la mitad de las iglesias consideran tener información suficiente para guiar a las PSD, la mayoría conoce solo una organización, y por lo general la ayuda que más conocen es la económica. Dicha población necesita ser apoyada de manera integral, así que con la información que tienen las iglesias encuestadas se puede guiar a aquella población de una manera incompleta. Y se hace necesario que las iglesias conozcan más organizaciones que puedan ofrecer otros recursos, y así orientar a las PSD a obtener también ayuda psicosocial, espiritual y legal. Por otro lado, cuarenta y nueve de los cincuenta pastores encuestados, están interesados en obtener dicha base de datos, pues la mayoría consideran que no tienen suficiente información al respecto. Posteriormente, se realizó una entrevista a seis organizaciones, con el fin de identificar que tipo de ayudas ofrecen a las PSD, hallando que las organizaciones gubernamentales se limitan a ofrecer orientación, asesoría jurídica y psicológica. Mientras que en las entidades confesionales (católicas y evangélicas) prestan ayuda para el núcleo familiar de tipo económica, espiritual, alojamiento, formación educacional y capacitación laboral. Así que con la compilación de la base de datos de diferentes organizaciones, las iglesias pueden ofrecer a aquella población una ayuda más integral. Finalmente se realizó una investigación bíblica, con la cual se presenta la misericordia como respuesta teológica frente al desplazamiento forzado en Colombia. Dicha respuesta teológica se fundamenta en que Dios es el padre de misericordias; muestra el contexto de desplazamiento en el cual nació y vivió Jesús; cita diferentes ejemplos en los cuales Jesús enseña sobre la misericordia; justifica porque la iglesia debe seguir los pasos de Jesús y finalmente presenta la respuesta de la iglesia frente al desplazamiento forzado en Colombia. | ||
| 535 | _aRecurso en REPCI | ||
| 650 | 0 |
_91177 _aIglesia y problemas sociales |
|
| 653 | _aPersonas en situación de desplazamiento | ||
| 653 | _aOrganizaciones | ||
| 653 | _aAyuda espiritual | ||
| 653 | _aAlojamiento | ||
| 653 | _aMisericordia | ||
| 700 |
_aCenteno, Jhohan, _easesor _990 |
||
| 856 |
_aREPCI _uhttps://repositorio.repci.co/handle/123456789/709 |
||
| 942 | _cTG | ||
| 999 |
_c64281 _d64281 |
||